| 000 | 00897cam a22002897a 4500 | ||
|---|---|---|---|
| 003 | CHAP | ||
| 005 | 20220817044051.0 | ||
| 008 | 051129d2005 it r 00110 eng d | ||
| 010 | _a91440 | ||
| 011 | _a92412 | ||
| 020 | _a9251053367 | ||
| 035 | _a102976 | ||
| 040 | _cCHAP | ||
| 090 | _aFolleto 17024 | ||
| 110 | 2 | _aFAO | |
| 245 | 1 | 0 |
_aVoluntary guidelines : _bto support the progressive realization of the right to adequate food in the context of national food security _c/by FAO |
| 260 |
_aRome : _bFAO, _c2005. |
||
| 300 | _a37 p. | ||
| 590 |
_aBATCH-UPD _b10 _c20130110 _lUCH01 _h1636 |
||
| 590 |
_aCONVERSION _b10 _c20130109 _lUCH01 _h1351 |
||
| 650 | 1 | 4 |
_aAlimentos _xAbastecimiento. |
| 901 | _aBK | ||
| 905 | _aLilia | ||
| 942 | _cFOLL | ||
| 949 |
_aFolleto 17024 _bBC _cFOLL _d33724000973004 _eTS2 _fc.2 _i102976 _sb |
||
| 949 |
_aFolleto 17024 _bBC _cFOLL _d33724000973061 _eTS1 _i102976 _sb |
||
| 999 |
_c91440 _d91440 |
||